000 00634nam a2200229Ia 4500
003 OSt
005 20220928103336.0
006 a|||||r|||| 00| 0
007 ta
008 220927b |||||||| |||| 00| 0 eng d
024 _a26982
037 _cTextual
040 _aSDCL
_cSDCL
_beng
041 _2eng
_aeng
082 _aO15,2:g, M2
100 _aBhartiya Kanti Kishore
_9403584
245 0 _aSanskrit natak sahitya
_b Vivechnatmak adhyan.
260 _aKanpur
_bSikshak Prakashan
_c1982
300 _a210p
_ccm.
942 _hO15,2:g, M2
_cTEXL
_2CC
999 _c719362
_d719362